[Event "ITA-ch U20"]
[Site "Castione"]
[Date "2009.08.28"]
[Round "8"]
[White "Xia, Jie"]
[Black "De Nardi, Riccardo"]
[Result "1-0"]
[WhiteElo "2206"]
[BlackElo "2077"]
[PlyCount "79"]
[EventDate "2009.08.21"]
[EventType "swiss"]
[EventRounds "9"]
[EventCountry "ITA"]
[SourceTitle "EXT 2011"]
[Source "ChessBase"]
[SourceDate "2010.11.26"]
[SourceVersion "1"]
[SourceVersionDate "2010.11.26"]
[SourceQuality "1"]

1. d4 Nf6 2. Nc3 d5 3. Bg5 e6 4. e4 dxe4 5. Nxe4 Be7 6. Bxf6 Bxf6 7. Nf3 0-0 8. Bc4 Nc6 9. c3 b6 10. Qe2 Bb7 11. 0-0-0 Na5 12. Bd3 Rb8 13. h4 Bxe4 14. Qxe4 g6 15. h5 Nb7 16. hxg6 hxg6 17. Ne5 Qe8 18. Qe3 Qe7 19. Qh3 Rfe8 20. Qh7+ Kf8 21. Nc6 Qd6 22. Nxb8 Rxb8 23. g3 Qd5 24. Kb1 Nd6 25. Qh6+ Bg7 26. Qf4 Kg8 27. Bc2 a5 28. Qh4 Qc6 29. Qh7+ Kf8 30. Rh4 Ne8 31. Rf4 Nf6 32. Qh4 Nd5 33. Rf3 Kg8 34. Be4 a4 35. Rh1 f5 36. Bxd5 Qxd5 37. Re3 Kf7 38. Rhe1 Re8 39. Qf4 Re7 40. g4 1-0

[Event "ITA-ch U20"]
[Site "Castione"]
[Date "2009.08.26"]
[Round "6"]
[White "Sorbera, Giovanni"]
[Black "De Nardi, Riccardo"]
[Result "1/2-1/2"]
[WhiteElo "1917"]
[BlackElo "2077"]
[PlyCount "100"]
[EventDate "2009.08.21"]
[EventType "swiss"]
[EventRounds "9"]
[EventCountry "ITA"]
[SourceTitle "EXT 2011"]
[Source "ChessBase"]
[SourceDate "2010.11.26"]
[SourceVersion "1"]
[SourceVersionDate "2010.11.26"]
[SourceQuality "1"]

1. Nf3 c5 2. g3 d5 3. c4 Nf6 4. Bg2 Nc6 5. cxd5 Nxd5 6. Nc3 Nxc3 7. bxc3 e5 8. Qc2 Be7 9. 0-0 0-0 10. d3 Be6 11. Bb2 Rc8 12. c4 Qc7 13. Bc3 Nd4 14. Qb2 Bg4 15. Rfe1 Bd6 16. Ng5 b6 17. Ne4 f5 18. Nxd6 Qxd6 19. Bd5+ Kh8 20. e3 Nf3+ 21. Bxf3 Bxf3 22. Bxe5 Qg6 23. h4 Qg4 24. Kh2 Rc6 25. Bf4 Re8 26. a4 a6 27. e4 fxe4 28. dxe4 Rf6 29. Qd2 Ref8 30. Bg5 R6f7 31. e5 h6 32. e6 Rf5 33. e7 Re8 34. Bxh6 Bc6 35. Bg5 Qf3 36. Rg1 Qxf2+ 37. Qxf2 Rxf2+ 38. Kh3 Rc2 39. Rab1 Bd7+ 40. g4 Rxc4 41. Rxb6 Rc3+ 42. Rg3 Rxg3+ 43. Kxg3 Bxa4 44. Rxa6 Bb3 45. Kf4 Kg8 46. Rd6 Kf7 47. Rd8 c4 48. Kf5 c3 49. Rxe8 Bc2+ 50. Ke5 Kxe8 1/2-1/2

[Event "Chioggia op-A 03rd"]
[Site "Chioggia"]
[Date "2008.10.11"]
[Round "3"]
[White "Sorbera, Giovanni"]
[Black "De Nardi, Riccardo"]
[Result "0-1"]
[WhiteElo "1769"]
[BlackElo "2035"]
[PlyCount "62"]
[EventDate "2008.10.10"]
[EventType "swiss"]
[EventRounds "5"]
[EventCountry "ITA"]
[SourceTitle "EXT 2022"]
[Source "ChessBase"]
[SourceDate "2021.10.06"]
[SourceVersion "1"]
[SourceVersionDate "2021.10.06"]
[SourceQuality "1"]

1. e4 c5 2. Nf3 d6 3. c3 Nf6 4. Be2 Bd7 5. d3 Bc6 6. 0-0 Nbd7 7. Na3 g6 8. Be3 Bg7 9. Qd2 0-0 10. Rfe1 b5 11. Bh6 Ne5 12. Bxg7 Kxg7 13. Nc2 Bb7 14. Rad1 Qb6 15. Nxe5 dxe5 16. Qe3 Rac8 17. f3 Rfd8 18. Bf1 h6 19. g3 Rc7 20. Na3 Bc8 21. Qf2 a6 22. Rc1 Be6 23. b4 Qd6 24. d4 cxd4 25. cxd4 Rxc1 26. dxe5 Qc7 27. exf6+ exf6 28. Nb1 Rdd1 29. Rxd1 Rxd1 30. Nd2 Qc3 31. Nb3 Bc4 0-1

[Event "Bratto op-A 28th"]
[Site "Bratto"]
[Date "2008.08.24"]
[Round "3"]
[White "De Nardi, Riccardo"]
[Black "Stips, Felix"]
[Result "1-0"]
[WhiteElo "1982"]
[BlackElo "2061"]
[PlyCount "71"]
[EventDate "2008.08.22"]
[EventType "swiss"]
[EventRounds "9"]
[EventCountry "ITA"]
[SourceTitle "CBM 126 Extra"]
[Source "ChessBase"]
[SourceDate "2008.11.05"]
[SourceVersion "1"]
[SourceVersionDate "2008.11.05"]
[SourceQuality "1"]

1. d4 Nf6 2. Bg5 d5 3. Nf3 e6 4. e3 c5 5. c3 Nc6 6. Bd3 Qb6 7. Qc2 c4 8. Be2 Ne4 9. Bf4 Be7 10. Nbd2 Nxd2 11. Nxd2 f5 12. Nf3 Bd7 13. 0-0 0-0 14. Ne5 Be8 15. b3 g5 16. Nxc6 Qxc6 17. Be5 b5 18. f4 h6 19. b4 a5 20. a3 Bg6 21. Qd1 Ra7 22. Bh5 Qe8 23. Bxg6 Qxg6 24. a4 axb4 25. axb5 Rb7 26. Qa4 Qe8 27. Qa6 Qd7 28. g4 fxg4 29. f5 bxc3 30. fxe6 Qxb5 31. Rxf8+ Bxf8 32. Qa8 Qb4 33. Qe8 Kh7 34. Bf6 c2 35. e7 Rxe7 36. Bxe7 1-0

[Event "ITA-ch qual"]
[Site "Saint Vincent"]
[Date "2008.07.23"]
[Round "5"]
[White "Marguerettaz, Davy"]
[Black "De Nardi, Riccardo"]
[Result "1/2-1/2"]
[WhiteElo "1987"]
[BlackElo "1982"]
[PlyCount "43"]
[EventDate "2008.07.19"]
[EventType "swiss"]
[EventRounds "9"]
[EventCountry "ITA"]
[SourceTitle "EXT 2009"]
[Source "ChessBase"]
[SourceDate "2008.11.26"]
[SourceVersion "1"]
[SourceVersionDate "2008.11.26"]
[SourceQuality "1"]

1. d4 Nf6 2. c4 d6 3. Nc3 e5 4. Nf3 Nbd7 5. e4 g6 6. Be2 Bg7 7. 0-0 0-0 8. Qc2 exd4 9. Nxd4 Re8 10. Be3 Ne5 11. f3 Be6 12. Nxe6 fxe6 13. c5 d5 14. Rfd1 c6 15. b4 Qc7 16. b5 dxe4 17. Nxe4 Nd5 18. Bd4 Rad8 19. Nd6 Re7 20. Qb2 Nd7 21. Bxg7 Rxg7 22. Ne4 1/2-1/2

[Event "Conegliano op"]
[Site "Conegliano"]
[Date "2008.06.02"]
[Round "6"]
[White "Mazzilli, Piero"]
[Black "De Nardi, Riccardo"]
[Result "0-1"]
[WhiteElo "2332"]
[BlackElo "1930"]
[PlyCount "102"]
[EventDate "2008.05.31"]
[EventType "swiss"]
[EventRounds "6"]
[EventCountry "ITA"]
[SourceTitle "CBM 124 Extra"]
[Source "ChessBase"]
[SourceDate "2008.07.03"]
[SourceVersion "1"]
[SourceVersionDate "2008.07.03"]
[SourceQuality "1"]

1. d4 Nf6 2. Nc3 d6 3. e4 c6 4. Nf3 Nbd7 5. e5 Ng8 6. Bc4 d5 7. Bd3 Nb6 8. Ng5 g6 9. h4 h6 10. Nh3 Bxh3 11. Rxh3 e6 12. h5 g5 13. f4 gxf4 14. Ne2 f3 15. gxf3 Be7 16. Be3 Bh4+ 17. Bf2 Bxf2+ 18. Kxf2 Ne7 19. Rg3 Kd7 20. Qd2 Nc4 21. Bxc4 dxc4 22. Qb4 b5 23. Rg7 a5 24. Qc5 Ke8 25. Nc3 Nf5 26. Rg4 Kd7 27. a4 Qe7 28. axb5 Qxc5 29. dxc5 cxb5 30. Nxb5 Rhb8 31. Rd1+ Kc6 32. Nd4+ Kxc5 33. Nxf5 exf5 34. Rf4 Rxb2 35. Rxf5 Rxc2+ 36. Kg3 Rg8+ 37. Kf4 Rg5 38. Rxf7 Re2 39. Rc7+ Kb6 40. Re7 c3 41. Rd6+ Kb5 42. Rxh6 Rexe5 43. Rb7+ Kc4 44. Rc7+ Rc5 45. Rxc5+ Rxc5 46. Ke3 Re5+ 47. Kf4 c2 48. Kxe5 Kb5 49. Kf5 c1Q 50. Rf6 a4 51. h6 a3 0-1

[Event "Magistrale 6th"]
[Site "Bassano del Grappa"]
[Date "2006.12.27"]
[Round "2.2"]
[White "Dvirnyy, Danyyil"]
[Black "De Nardi, Riccardo"]
[Result "1-0"]
[WhiteElo "2323"]
[BlackElo "1958"]
[PlyCount "53"]
[EventDate "2006.12.26"]
[EventType "swiss"]
[EventRounds "7"]
[EventCountry "ITA"]
[SourceTitle "EXT 2023"]
[Source "ChessBase"]
[SourceDate "2022.10.05"]
[SourceVersion "1"]
[SourceVersionDate "2022.10.05"]
[SourceQuality "1"]

1. e4 c5 2. b3 d6 3. Bb2 Nc6 4. f4 e6 5. Nf3 Nf6 6. d3 Be7 7. Nbd2 0-0 8. Qe2 a6 9. Rb1 Nb4 10. Nc4 b5 11. Ne3 d5 12. e5 Nd7 13. c3 Nc6 14. d4 cxd4 15. cxd4 Bb4+ 16. Kf2 Qb6 17. g3 Rb8 18. Bh3 Re8 19. Kg2 Nf8 20. f5 a5 21. f6 Ng6 22. fxg7 Kxg7 23. Ng4 Be7 24. Qe3 Qd8 25. Rbf1 Bd7 26. Qh6+ Kh8 27. Nf6 1-0

[Event "Bratto op 26th"]
[Site "Bratto"]
[Date "2006.08.23"]
[Round "5"]
[White "De Nardi, Riccardo"]
[Black "Astengo, Marcello"]
[Result "1/2-1/2"]
[WhiteElo "1973"]
[BlackElo "2109"]
[PlyCount "50"]
[EventDate "2006.08.19"]
[EventType "swiss"]
[EventRounds "9"]
[EventCountry "ITA"]
[SourceTitle "CBM 113 Extra"]
[Source "ChessBase"]
[SourceDate "2006.09.14"]
[SourceVersion "1"]
[SourceVersionDate "2006.09.14"]
[SourceQuality "1"]

1. e4 c6 2. d4 d5 3. Nc3 dxe4 4. Nxe4 Nf6 5. Nxf6+ exf6 6. Bc4 Bd6 7. Nf3 0-0 8. 0-0 Bg4 9. h3 Bh5 10. Re1 Nd7 11. Be3 Nb6 12. Bb3 Qd7 13. c4 Bb4 14. Rf1 Rad8 15. a3 Ba5 16. Bc2 Nc8 17. Qd3 Bg6 18. Qe2 Rfe8 19. Bxg6 hxg6 20. Qc2 Nd6 21. Bf4 Bc7 22. Rfe1 Nf5 23. Rxe8+ Rxe8 24. Bxc7 Qxc7 25. Rd1 Rd8 1/2-1/2

[Event "Pedavena op-A 2nd"]
[Site "Pedavena"]
[Date "2006.08.02"]
[Round "3"]
[White "De Nardi, Riccardo"]
[Black "Militello, Michele"]
[Result "0-1"]
[WhiteElo "1973"]
[BlackElo "1847"]
[PlyCount "56"]
[EventDate "2006.08.01"]
[EventType "swiss"]
[EventRounds "7"]
[EventCountry "ITA"]
[SourceTitle "EXT 2023"]
[Source "ChessBase"]
[SourceDate "2022.10.05"]
[SourceVersion "1"]
[SourceVersionDate "2022.10.05"]
[SourceQuality "1"]

1. e4 d6 2. d4 Nf6 3. Nc3 c6 4. f4 Qa5 5. Bd3 e5 6. dxe5 dxe5 7. fxe5 Ng4 8. Nf3 Bc5 9. Rf1 0-0 10. Qe2 Bb4 11. Bd2 Nxe5 12. Nxe5 Qxe5 13. 0-0-0 Be7 14. h4 Bxh4 15. Rh1 Bg5 16. Rh5 Bxd2+ 17. Rxd2 Qf4 18. Qe1 g6 19. Rh4 Qg5 20. Kb1 Nd7 21. g4 Ne5 22. Be2 Kg7 23. Bd1 h6 24. Rdh2 Rh8 25. Ne2 Nf3 26. Qc3+ Ne5 27. Nf4 Qxf4 28. g5 Qxg5 0-1

[Event "Venice Autumn op 11th"]
[Site "Venice"]
[Date "2005.10.30"]
[Round "2"]
[White "De Nardi, Riccardo"]
[Black "Del Monaco, Andrea"]
[Result "0-1"]
[WhiteElo "1943"]
[BlackElo "2234"]
[PlyCount "60"]
[EventDate "2005.10.29"]
[EventType "swiss"]
[EventRounds "6"]
[EventCountry "ITA"]
[SourceTitle "EXT 2006"]
[Source "ChessBase"]
[SourceDate "2005.11.24"]
[SourceVersion "1"]
[SourceVersionDate "2005.11.24"]
[SourceQuality "1"]

1. e4 c5 2. d4 cxd4 3. c3 Nf6 4. Qxd4 Nc6 5. Qe3 d5 6. exd5 Qxd5 7. Nf3 e5 8. c4 Qe4 9. Nc3 Bb4 10. Bd2 Qxe3+ 11. Bxe3 Ne4 12. Rc1 Bf5 13. Be2 0-0-0 14. 0-0 Nxc3 15. bxc3 Ba3 16. Rcd1 Bb2 17. Nh4 Bc2 18. Rxd8+ Rxd8 19. Nf3 f6 20. Kh1 Bd3 21. Ng1 Bxc3 22. Rc1 Bb2 23. Rd1 Bxe2 24. Rxd8+ Kxd8 25. Nxe2 Kd7 26. f4 Bd4 27. Nxd4 exd4 28. Bd2 Kd6 29. Kg1 f5 30. Kf2 Kc5 0-1